| 000 | 00734nam a2200253Ii 4500 | ||
|---|---|---|---|
| 003 | JO-AjNU | ||
| 005 | 20240110123829.0 | ||
| 008 | 230605s9999||||xx |||||||||||||| ||und|| | ||
| 017 | _a2010/5/1771 | ||
| 020 | _a978-9957-11-902-7 | ||
| 040 |
_aJO-AjNU _bara _erda _cJO-AjNU |
||
| 041 | _aara | ||
| 050 | 1 | 4 | _aTX911.3.M3 M873 2011 |
| 100 | 3 |
_aمقابلة، خالد, _eauthor _933220 |
|
| 245 | 0 | 0 | _aالتسويق الفندقي |
| 250 | _aط1 | ||
| 264 | 3 | 1 | _aعمان: دار وائل، 2011 |
| 300 | _a276ص | ||
| 336 |
_atext _btxt _2rdacontent |
||
| 337 |
_aunmediated _bn _2rdamedia |
||
| 338 |
_avolume _bnc _2rdacarrier |
||
| 650 | 4 |
_aالفنادق - تسويق - الفنادق - ادارة _933221 |
|
| 942 |
_2lcc _cBK |
||
| 999 |
_c17066 _d17066 |
||